Fantastic architecture : personal and eccentric visions /

Bibliographic Details
Main Author: Schuyt, Michael
Other Authors: Elffers, Joost, Collins, George R. (George Roseborough), 1917-1993
Format: Book
Language:English
Published: New York : H. N. Abrams, 1980.
Subjects:

MARC

Tag First Indicator Second Indicator Subfields
LEADER 00000pam a2200000 i 4500
001 in00000636421
005 20151015060713.0
008 800108s1980 nyua 00010 eng
010 |a  80000056  
020 |a 0810909146 :  |c $35.00 
035 |a (OCoLC)05946241 
035 |9 ACV4749AM 
040 |a DLC  |c DLC  |d m.c.  |d TXA  |d UtOrBLW 
049 |a TXAM  |c [1800462] 
050 0 0 |a NA208  |b .S3813 
082 0 |a 728 
100 1 |a Schuyt, Michael. 
245 1 0 |a Fantastic architecture :  |b personal and eccentric visions /  |c Michael Schuyt, Joost Elffers ; text by George R. Collins. 
264 1 |a New York :  |b H. N. Abrams,  |c 1980. 
300 |a 247 pages :  |b illustrations (some color) ;  |c 29 cm. 
336 |a text  |b txt  |2 rdacontent 
337 |a unmediated  |b n  |2 rdamedia 
338 |a volume  |b nc  |2 rdacarrier 
650 0 |a Grotesque in architecture. 
650 0 |a Vernacular architecture. 
700 1 |a Elffers, Joost. 
700 1 |a Collins, George R.  |q (George Roseborough),  |d 1917-1993. 
999 |a MARS 
999 f f |s d2c1d313-be52-3f52-8d1a-604aec2e9935  |i b4919b87-e02c-31f9-a20f-1e48e86e928b  |t 0 
952 f f |p ric  |a Texas A&M University  |b Rellis Campus  |c Joint Library Facility  |d Remote Storage  |t 0  |e NA208 .S3813  |h Library of Congress classification  |i unmediated -- volume  |m A14803409145 
998 f f |a NA208 .S3813  |t 0  |l Remote Storage